000 00678nam a2200289Ia 4500
005 20260324150811.0
008 008 260324s9999 xx 000 0 eng d
020 _a9781315110813
037 _aEBOOK
040 _aCRL
040 _beng
040 _cCRL
041 _2eng
041 _aeng
084 _qCRL
100 _aN. de Basily
_91227654
245 0 _aRussia Under Soviet Role
245 0 _bTwenty Years of Bolshevik Experiment
260 _bTaylor and Francis
260 _c1938
365 _a
365 _b205
856 _uhttp://www.taylorfrancis.com/books/9781315110813
942 _cEBOOK
999 _c1837766
_d1837766